[Event "178th Stay Safe Play From Home series"]
[Site "T#646379Emanuel Laske"]
[Date "2020.05.27"]
[Round "5"]
[White "Grizzzly"]
[Black "NeatFox"]
[Result "0-1"]
[WhiteElo "1724"]
[BlackElo "1847"]
[Annotator "NA"]
[PlyCount "134"]
[EventDate "2020.05.27"]
[EventType "swiss (blitz)"]

1. d4 {[%emt 0:00:01]} b6 {[%emt 0:00:00]} 2. c4 {[%emt 0:00:00]} c5 {[%emt 0:00:01]} 3. Nf3 {[%emt 0:00:03]} cxd4 {[%emt 0:00:01]} 4. Nxd4 {[%emt 0:00:02]} g6 {[%emt 0:00:00]} 5. Nc3 {[%emt 0:00:01]} Bg7 {[%emt 0:00:00]} 6. e3 {[%emt 0:00:00]} Nf6 {[%emt 0:00:00]} 7. Bd3 {[%emt 0:00:01]} O-O {[%emt 0:00:00]} 8. O-O {[%emt 0:00:01]} d6 {[%emt 0:00:01]} 9. b3 {[%emt 0:00:01]} Bb7 {[%emt 0:00:00]} 10. Bb2 {[%emt 0:00:00]} Nc6 {[%emt 0:00:00]} 11. Nd5 {[%emt 0:00:01]} Nxd5 {[%emt 0:00:02]} 12. cxd5 {[%emt 0:00:00]} Nxd4 {[%emt 0:00:01]} 13. Bxd4 {[%emt 0:00:01]} Bxd4 {[%emt 0:00:01]} 14. exd4 {[%emt 0:00:00]} Bxd5 {[%emt 0:00:01]} 15. Bb5 {[%emt 0:00:01]} Bb7 {[%emt 0:00:03]} 16. Rc1 {[%emt 0:00:01]} a6 {[%emt 0:00:01]} 17. Bd3 {[%emt 0:00:01]} Rc8 {[%emt 0:00:01]} 18. Re1 {[%emt 0:00:01]} Rxc1 {[%emt 0:00:01]} 19. Qxc1 {[%emt 0:00:01]} Qd7 {[%emt 0:00:00]} 20. Qf4 {[%emt 0:00:02]} Rc8 {[%emt 0:00:03]} 21. h3 {[%emt 0:00:01]} e6 {[%emt 0:00:01]} 22. Be4 {[%emt 0:00:01]} Bxe4 {[%emt 0:00:01]} 23. Qxe4 {[%emt 0:00:01]} d5 {[%emt 0:00:02]} 24. Qd3 {[%emt 0:00:01]} Qc6 {[%emt 0:00:01]} 25. Qxa6 {[%emt 0:00:01]} Qc3 {[%emt 0:00:02]} 26. Qe2 {[%emt 0:00:01]} Qxd4 {[%emt 0:00:01]} 27. Rd1 {[%emt 0:00:01]} Qc3 {[%emt 0:00:01]} 28. Qd3 {[%emt 0:00:02]} Qxd3 {[%emt 0:00:01]} 29. Rxd3 {[%emt 0:00:01]} Rc2 {[%emt 0:00:00]} 30. Re3 {[%emt 0:00:01]} Rxa2 {[%emt 0:00:01]} 31. Kf1 {[%emt 0:00:01]} Rb2 {[%emt 0:00:00]} 32. f3 {[%emt 0:00:01]} b5 {[%emt 0:00:00]} 33. g3 {[%emt 0:00:01]} d4 {[%emt 0:00:00]} 34. Rd3 {[%emt 0:00:01]} e5 {[%emt 0:00:01]} 35. f4 {[%emt 0:00:00]} f6 {[%emt 0:00:01]} 36. fxe5 {[%emt 0:00:01]} fxe5 {[%emt 0:00:00]} 37. Rf3 {[%emt 0:00:01]} Kg7 {[%emt 0:00:02]} 38. Rd3 {[%emt 0:00:02]} b4 {[%emt 0:00:02]} 39. g4 {[%emt 0:00:00]} Kf6 {[%emt 0:00:02]} 40. Rf3+ {[%emt 0:00:01]} Ke6 {[%emt 0:00:01]} 41. Rf8 {[%emt 0:00:01]} Rxb3 {[%emt 0:00:01]} 42. Ke2 {[%emt 0:00:00]} Kd5 {[%emt 0:00:01]} 43. Rd8+ {[%emt 0:00:01]} Ke4 {[%emt 0:00:00]} 44. Re8 {[%emt 0:00:00]} Rb2+ {[%emt 0:00:00]} 45. Kd1 {[%emt 0:00:00]} Kd3 {[%emt 0:00:01]} 46. Kc1 {[%emt 0:00:01]} Re2 {[%emt 0:00:02]} 47. Rb8 {[%emt 0:00:01]} Kc3 {[%emt 0:00:02]} 48. Rc8+ {[%emt 0:00:01]} Kb3 {[%emt 0:00:01]} 49. Rb8 {[%emt 0:00:02]} d3 {[%emt 0:00:01]} 50. Rd8 {[%emt 0:00:01]} Re1+ {[%emt 0:00:01]} 51. Kd2 {[%emt 0:00:01]} Re2+ {[%emt 0:00:01]} 52. Kxd3 {[%emt 0:00:01]} Rh2 {[%emt 0:00:01]} 53. Ke4 {[%emt 0:00:01]} Rxh3 {[%emt 0:00:00]} 54. Kxe5 {[%emt 0:00:00]} Re3+ {[%emt 0:00:01]} 55. Kf6 {[%emt 0:00:02]} Rg3 {[%emt 0:00:01]} 56. Kg7 {[%emt 0:00:00]} Rxg4 {[%emt 0:00:01]} 57. Kxh7 {[%emt 0:00:00]} g5 {[%emt 0:00:00]} 58. Rd3+ {[%emt 0:00:01]} Kc4 {[%emt 0:00:02]} 59. Rh3 {[%emt 0:00:00]} Rg1 {[%emt 0:00:01]} 60. Rh5 {[%emt 0:00:00]} g4 {[%emt 0:00:00]} 61. Rh6 {[%emt 0:00:00]} g3 {[%emt 0:00:00]} 62. Rc6+ {[%emt 0:00:00]} Kb3 {[%emt 0:00:01]} 63. Rc8 {[%emt 0:00:00]} g2 {[%emt 0:00:00]} 64. Rd8 {[%emt 0:00:00]} Rf1 {[%emt 0:00:01]} 65. Rd2 {[%emt 0:00:00]} g1=Q {[%emt 0:00:01]} 66. Rg2 {[%emt 0:00:00]} Qxg2 {[%emt 0:00:01]} 67. Kh6 {[%emt 0:00:01]} Rh1# {[%emt 0:00:00] (Lag: Av=0.38s, max=0.9s)} 0-1

[Event "178th Stay Safe Play From Home series"]
[Site "T#646379Emanuel Laske"]
[Date "2020.05.27"]
[Round "5"]
[White "matanant"]
[Black "Tunca"]
[Result "0-1"]
[WhiteElo "1672"]
[BlackElo "1817"]
[Annotator "NA"]
[PlyCount "68"]
[EventDate "2020.05.27"]
[EventType "swiss (blitz)"]

1. b3 {[%emt 0:00:02]} d6 {[%emt 0:00:01]} 2. Bb2 {[%emt 0:00:00]} e5 {[%emt 0:00:01]} 3. e3 {[%emt 0:00:00]} f5 {[%emt 0:00:01]} 4. d4 {[%emt 0:00:00]} exd4 {[%emt 0:00:05]} 5. Qxd4 {[%emt 0:00:03]} Nf6 {[%emt 0:00:01]} 6. Nf3 {[%emt 0:00:02]} Nc6 {[%emt 0:00:01]} 7. Bb5 {[%emt 0:00:01]} Bd7 {[%emt 0:00:01]} 8. Bxc6 {[%emt 0:00:02]} Bxc6 {[%emt 0:00:01]} 9. Nbd2 {[%emt 0:00:00]} Be7 {[%emt 0:00:02]} 10. c4 {[%emt 0:00:02]} O-O {[%emt 0:00:01]} 11. O-O {[%emt 0:00:02]} Qe8 {[%emt 0:00:02]} 12. Qc3 {[%emt 0:00:01]} Qh5 {[%emt 0:00:03]} 13. Nd4 {[%emt 0:00:06]} Ng4 {[%emt 0:00:02]} 14. N2f3 {[%emt 0:00:02]} Ne5 {[%emt 0:00:05]} 15. Qc2 {[%emt 0:00:06]} Nxf3+ {[%emt 0:00:05]} 16. Nxf3 {[%emt 0:00:02]} Bxf3 {[%emt 0:00:01]} 17. gxf3 {[%emt 0:00:01]} Qxf3 {[%emt 0:00:00]} 18. Qd1 {[%emt 0:00:03]} Qe4 {[%emt 0:00:03]} 19. Bd4 {[%emt 0:00:04]} Bf6 {[%emt 0:00:01]} 20. f3 {[%emt 0:00:01]} Qh4 {[%emt 0:00:03]} 21. Rf2 {[%emt 0:00:03]} Bxd4 {[%emt 0:00:03]} 22. Qxd4 {[%emt 0:00:01]} Qxd4 {[%emt 0:00:01]} 23. exd4 {[%emt 0:00:01]} Rfe8 {[%emt 0:00:02]} 24. Kf1 {[%emt 0:00:01]} Re3 {[%emt 0:00:01]} 25. Re1 {[%emt 0:00:02]} Rae8 {[%emt 0:00:00]} 26. Rxe3 {[%emt 0:00:01]} Rxe3 {[%emt 0:00:00]} 27. d5 {[%emt 0:00:01]} Kf7 {[%emt 0:00:01]} 28. f4 {[%emt 0:00:01]} Kf6 {[%emt 0:00:01]} 29. Kg2 {[%emt 0:00:01]} h6 {[%emt 0:00:01]} 30. h3 {[%emt 0:00:01]} g5 {[%emt 0:00:00]} 31. fxg5+ {[%emt 0:00:01]} hxg5 {[%emt 0:00:00]} 32. Rf3 {[%emt 0:00:02]} Rxf3 {[%emt 0:00:01]} 33. Kxf3 {[%emt 0:00:01]} Ke5 {[%emt 0:00:00]} 34. Ke3 {[%emt 0:00:01]} f4+ {[%emt 0:00:01] Time (Lag: Av=0.63s, max=1.1s)} 0-1

[Event "178th Stay Safe Play From Home series"]
[Site "T#646379Emanuel Laske"]
[Date "2020.05.27"]
[Round "5"]
[White "Trotsky"]
[Black "SecantFX"]
[Result "0-1"]
[WhiteElo "1569"]
[BlackElo "1900"]
[Annotator "RC"]
[PlyCount "48"]
[EventDate "2020.05.27"]
[EventType "swiss (blitz)"]

1. d4 {[%emt 0:00:01]} b6 {[%emt 0:00:04]} 2. e3 {[%emt 0:00:01]} Bb7 {[%emt 0:00:00]} 3. c4 {[%emt 0:00:01]} c5 {[%emt 0:00:00]} 4. Nc3 {[%emt 0:00:01]} cxd4 {[%emt 0:00:00]} 5. exd4 {[%emt 0:00:01]} Nf6 {[%emt 0:00:00]} 6. Be3 {[%emt 0:00:01]} e6 {[%emt 0:00:00]} 7. Qc2 {[%emt 0:00:00]} Be7 {[%emt 0:00:00]} 8. f3 {[%emt 0:00:01]} O-O {[%emt 0:00:00]} 9. Bd3 {[%emt 0:00:01]} d5 {[%emt 0:00:00]} 10. h4 {[%emt 0:00:03]} Nc6 {[%emt 0:00:01]} 11. a3 {[%emt 0:00:01]} Rc8 {[%emt 0:00:01]} 12. Nh3 {[%emt 0:00:01]} dxc4 {[%emt 0:00:01]} 13. Be4 {[%emt 0:00:04]} e5 {[%emt 0:00:01]} 14. O-O-O {[%emt 0:00:03]} exd4 {[%emt 0:00:01]} 15. Bxd4 {[%emt 0:00:04]} Nxe4 {[%emt 0:00:01]} 16. Ng5 {[%emt 0:00:07]} Nxd4 {[%emt 0:00:02]} 17. Qb1 {[%emt 0:00:05]} Nxg5 {[%emt 0:00:01]} 18. hxg5 {[%emt 0:00:02]} Bxg5+ {[%emt 0:00:01]} 19. Rd2 {[%emt 0:00:03]} h6 {[%emt 0:00:02]} 20. Ne4 {[%emt 0:00:05]} Nb3+ {[%emt 0:00:01]} 21. Kd1 {[%emt 0:00:01]} Nxd2 {[%emt 0:00:01]} 22. Nf6+ {[%emt 0:00:10]} Qxf6 {[%emt 0:00:02]} 23. Ke2 {[%emt 0:00:03]} Bxf3+ {[%emt 0:00:00]} 24. gxf3 {[%emt 0:00:01] .} Qxf3+ {[%emt 0:00:00] Âðåìÿ (Lag: Av=0.41s, max=1.0s)} 0-1

[Event "178th Stay Safe Play From Home series"]
[Site "T#646379Emanuel Laske"]
[Date "2020.05.27"]
[Round "6"]
[White "Eidgenosse"]
[Black "BrainThinker22"]
[Result "1-0"]
[WhiteElo "2427"]
[BlackElo "2216"]
[Annotator "NA"]
[PlyCount "115"]
[EventDate "2020.05.27"]
[EventType "swiss (blitz)"]

1. Nf3 {[%emt 0:00:01]} d5 {[%emt 0:00:01]} 2. g3 {[%emt 0:00:00]} e6 {[%emt 0:00:00]} 3. Bg2 {[%emt 0:00:00]} Nf6 {[%emt 0:00:00]} 4. O-O {[%emt 0:00:00]} Be7 {[%emt 0:00:00]} 5. d3 {[%emt 0:00:00]} O-O {[%emt 0:00:00]} 6. Nbd2 {[%emt 0:00:00]} c5 {[%emt 0:00:00]} 7. e4 {[%emt 0:00:00]} Nc6 {[%emt 0:00:00]} 8. Re1 {[%emt 0:00:00]} Re8 {[%emt 0:00:01]} 9. e5 {[%emt 0:00:01]} Nd7 {[%emt 0:00:01]} 10. Nf1 {[%emt 0:00:00]} f6 {[%emt 0:00:00]} 11. exf6 {[%emt 0:00:01]} Bxf6 {[%emt 0:00:00]} 12. c3 {[%emt 0:00:01]} b5 {[%emt 0:00:01]} 13. h4 {[%emt 0:00:00]} Ba6 {[%emt 0:00:02]} 14. N1h2 {[%emt 0:00:01]} Rc8 {[%emt 0:00:01]} 15. Ng4 {[%emt 0:00:01]} Nb6 {[%emt 0:00:05]} 16. h5 {[%emt 0:00:01]} h6 {[%emt 0:00:02]} 17. Bf4 {[%emt 0:00:02]} d4 {[%emt 0:00:04]} 18. Rc1 {[%emt 0:00:04]} dxc3 {[%emt 0:00:01]} 19. bxc3 {[%emt 0:00:00]} Nd5 {[%emt 0:00:01]} 20. Bd2 {[%emt 0:00:02]} b4 {[%emt 0:00:02]} 21. c4 {[%emt 0:00:00]} Nc7 {[%emt 0:00:02]} 22. Be3 {[%emt 0:00:05]} Nd4 {[%emt 0:00:01]} 23. Nxf6+ {[%emt 0:00:02]} Qxf6 {[%emt 0:00:00]} 24. Bxd4 {[%emt 0:00:04]} cxd4 {[%emt 0:00:00]} 25. Ne5 {[%emt 0:00:04]} Rf8 {[%emt 0:00:04]} 26. f4 {[%emt 0:00:01]} Ne8 {[%emt 0:00:01]} 27. Qg4 {[%emt 0:00:01]} Nd6 {[%emt 0:00:02]} 28. Be4 {[%emt 0:00:01]} Nxe4 {[%emt 0:00:01]} 29. Rxe4 {[%emt 0:00:01]} Rcd8 {[%emt 0:00:03]} 30. Ng6 {[%emt 0:00:02]} Rfe8 {[%emt 0:00:02]} 31. Rce1 {[%emt 0:00:01]} Kf7 {[%emt 0:00:01]} 32. Ne5+ {[%emt 0:00:01]} Kg8 {[%emt 0:00:01]} 33. Nc6 {[%emt 0:00:00]} Rd6 {[%emt 0:00:02]} 34. Nxd4 {[%emt 0:00:01]} Rxd4 {[%emt 0:00:03]} 35. Rxe6 {[%emt 0:00:00]} Rxe6 {[%emt 0:00:02]} 36. Rxe6 {[%emt 0:00:01]} Qf7 {[%emt 0:00:04]} 37. Rxa6 {[%emt 0:00:01]} Rxd3 {[%emt 0:00:00]} 38. Qe6 {[%emt 0:00:01]} Rd2 {[%emt 0:00:01]} 39. Qxf7+ {[%emt 0:00:01]} Kxf7 {[%emt 0:00:00]} 40. Rxa7+ {[%emt 0:00:01]} Kf6 {[%emt 0:00:00]} 41. Rb7 {[%emt 0:00:00]} Rxa2 {[%emt 0:00:01]} 42. Rxb4 {[%emt 0:00:01]} Ra1+ {[%emt 0:00:00]} 43. Kg2 {[%emt 0:00:01]} Rc1 {[%emt 0:00:00]} 44. Kf3 {[%emt 0:00:01]} Rc3+ {[%emt 0:00:00]} 45. Ke4 {[%emt 0:00:01]} Rxg3 {[%emt 0:00:01]} 46. Rb6+ {[%emt 0:00:01]} Kf7 {[%emt 0:00:01]} 47. Kf5 {[%emt 0:00:00]} Rh3 {[%emt 0:00:01]} 48. Rb7+ {[%emt 0:00:00]} Kg8 {[%emt 0:00:00]} 49. Kg6 {[%emt 0:00:00]} Rg3+ {[%emt 0:00:00]} 50. Kf5 {[%emt 0:00:00]} Rh3 {[%emt 0:00:00]} 51. Ke6 {[%emt 0:00:00]} Rxh5 {[%emt 0:00:01]} 52. f5 {[%emt 0:00:01]} Rh2 {[%emt 0:00:01]} 53. Rb8+ {[%emt 0:00:00]} Kh7 {[%emt 0:00:02]} 54. c5 {[%emt 0:00:00]} Re2+ {[%emt 0:00:01]} 55. Kf7 {[%emt 0:00:00]} Rf2 {[%emt 0:00:00]} 56. Ke6 {[%emt 0:00:01]} Rxf5 {[%emt 0:00:00]} 57. Kxf5 {[%emt 0:00:01]} h5 {[%emt 0:00:00]} 58. Kg5 {[%emt 0:00:00] Time (Lag: Av=0.23s, max=0.7s)} 1-0

[Event "178th Stay Safe Play From Home series"]
[Site "T#646379Emanuel Laske"]
[Date "2020.05.27"]
[Round "6"]
[White "Praveen prasad"]
[Black "Mepe_Nika"]
[Result "1/2-1/2"]
[WhiteElo "2322"]
[BlackElo "2284"]
[Annotator "RC"]
[PlyCount "148"]
[EventDate "2020.05.27"]
[EventType "swiss (blitz)"]

1. e4 {[%emt 0:00:04]} c6 {[%emt 0:00:03]} 2. d4 {[%emt 0:00:00]} d5 {[%emt 0:00:00]} 3. exd5 {[%emt 0:00:00]} cxd5 {[%emt 0:00:01]} 4. c3 {[%emt 0:00:00]} Nc6 {[%emt 0:00:01]} 5. Be2 {[%emt 0:00:00]} Nf6 {[%emt 0:00:01]} 6. Nf3 {[%emt 0:00:01]} Bf5 {[%emt 0:00:01]} 7. h3 {[%emt 0:00:00]} e6 {[%emt 0:00:00]} 8. O-O {[%emt 0:00:01]} Bd6 {[%emt 0:00:01]} 9. Nbd2 {[%emt 0:00:01]} O-O {[%emt 0:00:01]} 10. Re1 {[%emt 0:00:00]} Ne4 {[%emt 0:00:01]} 11. Nf1 {[%emt 0:00:01]} Rc8 {[%emt 0:00:01]} 12. Bd3 {[%emt 0:00:01]} Bb8 {[%emt 0:00:02]} 13. Bg5 {[%emt 0:00:01]} Qd6 {[%emt 0:00:01]} 14. Bh4 {[%emt 0:00:01]} h6 {[%emt 0:00:03]} 15. Bg3 {[%emt 0:00:00]} Qe7 {[%emt 0:00:01]} 16. Bxb8 {[%emt 0:00:01]} Rxb8 {[%emt 0:00:00]} 17. Ng3 {[%emt 0:00:01]} Nxg3 {[%emt 0:00:01]} 18. fxg3 {[%emt 0:00:00]} Bxd3 {[%emt 0:00:01]} 19. Qxd3 {[%emt 0:00:00]} b5 {[%emt 0:00:01]} 20. a3 {[%emt 0:00:02]} a5 {[%emt 0:00:01]} 21. Ne5 {[%emt 0:00:02]} Nxe5 {[%emt 0:00:01]} 22. Rxe5 {[%emt 0:00:00]} b4 {[%emt 0:00:01]} 23. axb4 {[%emt 0:00:00]} axb4 {[%emt 0:00:00]} 24. Qf3 {[%emt 0:00:01]} bxc3 {[%emt 0:00:01]} 25. bxc3 {[%emt 0:00:00]} Qc7 {[%emt 0:00:01]} 26. Rf1 {[%emt 0:00:02]} Rb3 {[%emt 0:00:01]} 27. Rxe6 {[%emt 0:00:03]} Rxc3 {[%emt 0:00:04]} 28. Qf5 {[%emt 0:00:05]} Qxg3 {[%emt 0:00:03]} 29. Re2 {[%emt 0:00:04]} Re3 {[%emt 0:00:04]} 30. Ref2 {[%emt 0:00:01]} Qd6 {[%emt 0:00:08]} 31. Qh5 {[%emt 0:00:01]} Re7 {[%emt 0:00:02]} 32. Qg4 {[%emt 0:00:01]} Qe6 {[%emt 0:00:01]} 33. Qg3 {[%emt 0:00:02]} Qe4 {[%emt 0:00:02]} 34. Kh1 {[%emt 0:00:01]} Qxd4 {[%emt 0:00:01]} 35. Rf6 {[%emt 0:00:01]} Qe5 {[%emt 0:00:02]} 36. R6f4 {[%emt 0:00:03]} g6 {[%emt 0:00:01]} 37. Qg4 {[%emt 0:00:02]} Kg7 {[%emt 0:00:00]} 38. R4f3 {[%emt 0:00:01]} Qe6 {[%emt 0:00:00]} 39. Qg3 {[%emt 0:00:01]} Qe5 {[%emt 0:00:00]} 40. Qf2 {[%emt 0:00:00]} h5 {[%emt 0:00:01]} 41. Qd2 {[%emt 0:00:01]} Qe6 {[%emt 0:00:01]} 42. Rd3 {[%emt 0:00:00]} Kg8 {[%emt 0:00:00]} 43. Rd1 {[%emt 0:00:01]} Rd8 {[%emt 0:00:02]} 44. Rd4 {[%emt 0:00:01]} Qe5 {[%emt 0:00:01]} 45. Qf2 {[%emt 0:00:01]} Rd6 {[%emt 0:00:01]} 46. Rf1 {[%emt 0:00:01]} Rde6 {[%emt 0:00:01]} 47. Rf4 {[%emt 0:00:01]} Kg7 {[%emt 0:00:00]} 48. Rxf7+ {[%emt 0:00:02]} Rxf7 {[%emt 0:00:00]} 49. Qxf7+ {[%emt 0:00:00]} Kh6 {[%emt 0:00:00]} 50. Qf8+ {[%emt 0:00:00]} Qg7 {[%emt 0:00:01]} 51. Qf4+ {[%emt 0:00:00]} Kh7 {[%emt 0:00:00]} 52. Qf2 {[%emt 0:00:00]} Re7 {[%emt 0:00:00]} 53. Qg1 {[%emt 0:00:00]} Kh8 {[%emt 0:00:00]} 54. Rf3 {[%emt 0:00:00]} Kh7 {[%emt 0:00:00]} 55. Qf2 {[%emt 0:00:00]} Rf7 {[%emt 0:00:00]} 56. Kh2 {[%emt 0:00:00]} Kg8 {[%emt 0:00:00]} 57. Rxf7 {[%emt 0:00:01]} Qxf7 {[%emt 0:00:00]} 58. Qg3 {[%emt 0:00:00]} Kh7 {[%emt 0:00:01]} 59. Qb8 {[%emt 0:00:00]} Qg7 {[%emt 0:00:00]} 60. Qf4 {[%emt 0:00:00]} Qe5 {[%emt 0:00:00]} 61. Qxe5 {[%emt 0:00:01]} Kh6 {[%emt 0:00:00]} 62. Qxd5 {[%emt 0:00:00]} Kh7 {[%emt 0:00:00]} 63. Qd4 {[%emt 0:00:00]} Kh6 {[%emt 0:00:00]} 64. Qe3+ {[%emt 0:00:00]} Kh7 {[%emt 0:00:00]} 65. h4 {[%emt 0:00:00]} Kg7 {[%emt 0:00:00]} 66. Qg5 {[%emt 0:00:00]} Kg8 {[%emt 0:00:00]} 67. Kg3 {[%emt 0:00:00]} Kh8 {[%emt 0:00:00]} 68. Kf4 {[%emt 0:00:00]} Kh7 {[%emt 0:00:00]} 69. g4 {[%emt 0:00:00]} Kh8 {[%emt 0:00:00]} 70. gxh5 {[%emt 0:00:00]} Kh7 {[%emt 0:00:00]} 71. hxg6+ {[%emt 0:00:01]} Kh8 {[%emt 0:00:00]} 72. h5 {[%emt 0:00:00]} Kg8 {[%emt 0:00:00]} 73. h6 {[%emt 0:00:00]} Kf8 {[%emt 0:00:00]} 74. Qe5 {[%emt 0:00:00]} Kg8 {[%emt 0:00:01]} 1/2-1/2

[Event "178th Stay Safe Play From Home series"]
[Site "T#646379Emanuel Laske"]
[Date "2020.05.27"]
[Round "6"]
[White "SoulofWolf"]
[Black "Lamborghini"]
[Result "0-1"]
[WhiteElo "2192"]
[BlackElo "2239"]
[Annotator "RC"]
[PlyCount "114"]
[EventDate "2020.05.27"]
[EventType "swiss (blitz)"]

1. c4 {[%emt 0:00:00]} g6 {[%emt 0:00:01]} 2. Nf3 {[%emt 0:00:00]} Bg7 {[%emt 0:00:00]} 3. g3 {[%emt 0:00:00]} c6 {[%emt 0:00:01]} 4. Bg2 {[%emt 0:00:00]} Nf6 {[%emt 0:00:00]} 5. O-O {[%emt 0:00:00]} O-O {[%emt 0:00:01]} 6. e3 {[%emt 0:00:00]} d6 {[%emt 0:00:01]} 7. Nc3 {[%emt 0:00:00]} a5 {[%emt 0:00:01]} 8. b3 {[%emt 0:00:00]} Na6 {[%emt 0:00:01]} 9. a3 {[%emt 0:00:01]} Nc7 {[%emt 0:00:00]} 10. Bb2 {[%emt 0:00:00]} Rb8 {[%emt 0:00:00]} 11. d4 {[%emt 0:00:00]} b5 {[%emt 0:00:01]} 12. Rb1 {[%emt 0:00:01]} Bb7 {[%emt 0:00:02]} 13. Re1 {[%emt 0:00:01]} Qd7 {[%emt 0:00:01]} 14. c5 {[%emt 0:00:03]} dxc5 {[%emt 0:00:03]} 15. dxc5 {[%emt 0:00:01]} Rfd8 {[%emt 0:00:03]} 16. Qxd7 {[%emt 0:00:04]} Nxd7 {[%emt 0:00:01]} 17. Red1 {[%emt 0:00:01]} Nxc5 {[%emt 0:00:01]} 18. Ba1 {[%emt 0:00:06]} e5 {[%emt 0:00:03]} 19. b4 {[%emt 0:00:05]} axb4 {[%emt 0:00:01]} 20. axb4 {[%emt 0:00:01]} N5a6 {[%emt 0:00:01]} 21. Na2 {[%emt 0:00:01]} Nd5 {[%emt 0:00:02]} 22. Nxe5 {[%emt 0:00:02]} Ndxb4 {[%emt 0:00:03]} 23. Nxb4 {[%emt 0:00:00]} Nxb4 {[%emt 0:00:02]} 24. Rxd8+ {[%emt 0:00:01]} Rxd8 {[%emt 0:00:01]} 25. Bd4 {[%emt 0:00:09]} Nc2 {[%emt 0:00:02]} 26. Bb6 {[%emt 0:00:02]} Rc8 {[%emt 0:00:02]} 27. Nd7 {[%emt 0:00:02]} Na3 {[%emt 0:00:02]} 28. Re1 {[%emt 0:00:02]} Nc4 {[%emt 0:00:01]} 29. Nc5 {[%emt 0:00:01]} Nxb6 {[%emt 0:00:02]} 30. Bh3 {[%emt 0:00:01]} Rc7 {[%emt 0:00:00]} 31. Rd1 {[%emt 0:00:01]} Bf6 {[%emt 0:00:01]} 32. Rd6 {[%emt 0:00:01]} Be7 {[%emt 0:00:01]} 33. Rd3 {[%emt 0:00:02]} Bxc5 {[%emt 0:00:01]} 34. Kg2 {[%emt 0:00:00]} Nc4 {[%emt 0:00:00]} 35. f3 {[%emt 0:00:00]} b4 {[%emt 0:00:01]} 36. e4 {[%emt 0:00:01]} Ne5 {[%emt 0:00:01]} 37. Rd1 {[%emt 0:00:00]} Be7 {[%emt 0:00:01]} 38. f4 {[%emt 0:00:00]} c5 {[%emt 0:00:01]} 39. fxe5 {[%emt 0:00:00]} Bxe4+ {[%emt 0:00:01]} 40. Kf2 {[%emt 0:00:00]} c4 {[%emt 0:00:01]} 41. Bg2 {[%emt 0:00:00]} Bc5+ {[%emt 0:00:01]} 42. Kf1 {[%emt 0:00:01]} Bxg2+ {[%emt 0:00:00]} 43. Kxg2 {[%emt 0:00:00]} b3 {[%emt 0:00:01]} 44. Rc1 {[%emt 0:00:00]} c3 {[%emt 0:00:01]} 45. Kf3 {[%emt 0:00:00]} b2 {[%emt 0:00:01]} 46. Rxc3 {[%emt 0:00:00]} b1=Q {[%emt 0:00:01]} 47. Rd3 {[%emt 0:00:00]} Qb7+ {[%emt 0:00:01]} 48. Kg4 {[%emt 0:00:00]} Bf8 {[%emt 0:00:00]} 49. Rd7 {[%emt 0:00:00]} Rxd7 {[%emt 0:00:01]} 50. Kh3 {[%emt 0:00:00]} Qc8 {[%emt 0:00:01]} 51. g4 {[%emt 0:00:00]} Rd3+ {[%emt 0:00:01]} 52. Kh4 {[%emt 0:00:01]} Qe6 {[%emt 0:00:00]} 53. h3 {[%emt 0:00:00]} Be7+ {[%emt 0:00:00]} 54. g5 {[%emt 0:00:01]} Bxg5+ {[%emt 0:00:01]} 55. Kxg5 {[%emt 0:00:01]} Qxe5+ {[%emt 0:00:01]} 56. Kh6 {[%emt 0:00:00]} Rd4 {[%emt 0:00:00]} 57. h4 {[%emt 0:00:01]} Qf4# {[%emt 0:00:00] (Lag: Av=0.33s, max=0.9s)} 0-1

[Event "178th Stay Safe Play From Home series"]
[Site "T#646379Emanuel Laske"]
[Date "2020.05.27"]
[Round "6"]
[White "Lazieri3"]
[Black "Weltszmerc"]
[Result "1-0"]
[WhiteElo "2072"]
[BlackElo "2064"]
[Annotator "RC"]
[PlyCount "119"]
[EventDate "2020.05.27"]
[EventType "swiss (blitz)"]

1. e4 {[%emt 0:00:01]} Nf6 {[%emt 0:00:00]} 2. Nc3 {[%emt 0:00:00]} d5 {[%emt 0:00:01]} 3. exd5 {[%emt 0:00:01]} Nxd5 {[%emt 0:00:00]} 4. Nxd5 {[%emt 0:00:00]} Qxd5 {[%emt 0:00:00]} 5. Qf3 {[%emt 0:00:00]} c6 {[%emt 0:00:01]} 6. Qxd5 {[%emt 0:00:01]} cxd5 {[%emt 0:00:00]} 7. d4 {[%emt 0:00:00]} Nc6 {[%emt 0:00:01]} 8. c3 {[%emt 0:00:01]} Bg4 {[%emt 0:00:01]} 9. Be2 {[%emt 0:00:01]} Bxe2 {[%emt 0:00:02]} 10. Nxe2 {[%emt 0:00:00]} e6 {[%emt 0:00:01]} 11. Bf4 {[%emt 0:00:00]} Be7 {[%emt 0:00:01]} 12. O-O {[%emt 0:00:01]} Rc8 {[%emt 0:00:00]} 13. Rfe1 {[%emt 0:00:02]} O-O {[%emt 0:00:00]} 14. h3 {[%emt 0:00:01]} Na5 {[%emt 0:00:02]} 15. b3 {[%emt 0:00:02]} b5 {[%emt 0:00:01]} 16. Rac1 {[%emt 0:00:04]} Rc6 {[%emt 0:00:03]} 17. Red1 {[%emt 0:00:02]} Rfc8 {[%emt 0:00:02]} 18. Kf1 {[%emt 0:00:01]} h6 {[%emt 0:00:02]} 19. Ke1 {[%emt 0:00:02]} Ba3 {[%emt 0:00:00]} 20. Rc2 {[%emt 0:00:01]} b4 {[%emt 0:00:01]} 21. Bd2 {[%emt 0:00:01]} bxc3 {[%emt 0:00:01]} 22. Rxc3 {[%emt 0:00:00]} Rxc3 {[%emt 0:00:02]} 23. Bxc3 {[%emt 0:00:00]} Nc6 {[%emt 0:00:02]} 24. Kd2 {[%emt 0:00:01]} Nb4 {[%emt 0:00:06]} 25. Bxb4 {[%emt 0:00:04]} Bxb4+ {[%emt 0:00:00]} 26. Kd3 {[%emt 0:00:01]} Ba3 {[%emt 0:00:02]} 27. Rd2 {[%emt 0:00:02]} Kf8 {[%emt 0:00:02]} 28. Rc2 {[%emt 0:00:01]} Rxc2 {[%emt 0:00:00]} 29. Kxc2 {[%emt 0:00:00]} Ke7 {[%emt 0:00:00]} 30. Nc3 {[%emt 0:00:02]} a6 {[%emt 0:00:02]} 31. Nb1 {[%emt 0:00:01]} Bd6 {[%emt 0:00:02]} 32. a4 {[%emt 0:00:01]} Kd7 {[%emt 0:00:01]} 33. Kc3 {[%emt 0:00:01]} a5 {[%emt 0:00:01]} 34. Nd2 {[%emt 0:00:01]} Bb4+ {[%emt 0:00:01]} 35. Kd3 {[%emt 0:00:01]} Bxd2 {[%emt 0:00:01]} 36. Kxd2 {[%emt 0:00:00]} f6 {[%emt 0:00:01]} 37. Kc3 {[%emt 0:00:00]} Kd6 {[%emt 0:00:01]} 38. b4 {[%emt 0:00:01]} axb4+ {[%emt 0:00:01]} 39. Kxb4 {[%emt 0:00:00]} e5 {[%emt 0:00:00]} 40. f3 {[%emt 0:00:02]} e4 {[%emt 0:00:01]} 41. fxe4 {[%emt 0:00:01]} dxe4 {[%emt 0:00:00]} 42. a5 {[%emt 0:00:00]} e3 {[%emt 0:00:01]} 43. Kc3 {[%emt 0:00:01]} Kd5 {[%emt 0:00:00]} 44. a6 {[%emt 0:00:01]} Kc6 {[%emt 0:00:01]} 45. d5+ {[%emt 0:00:00]} Kb6 {[%emt 0:00:01]} 46. d6 {[%emt 0:00:01]} e2 {[%emt 0:00:00]} 47. Kd2 {[%emt 0:00:01]} e1=Q+ {[%emt 0:00:01]} 48. Kxe1 {[%emt 0:00:01]} Kxa6 {[%emt 0:00:00]} 49. d7 {[%emt 0:00:00]} Kb7 {[%emt 0:00:00]} 50. d8=Q {[%emt 0:00:00]} Kc6 {[%emt 0:00:00]} 51. Qg8 {[%emt 0:00:00]} g5 {[%emt 0:00:01]} 52. Qg6 {[%emt 0:00:00]} Kd5 {[%emt 0:00:01]} 53. Qxf6 {[%emt 0:00:00]} h5 {[%emt 0:00:00]} 54. Qh6 {[%emt 0:00:00]} h4 {[%emt 0:00:01]} 55. Qxg5+ {[%emt 0:00:00]} Ke4 {[%emt 0:00:00]} 56. Qxh4+ {[%emt 0:00:00]} Ke3 {[%emt 0:00:00]} 57. Qg4 {[%emt 0:00:00]} Kd3 {[%emt 0:00:00]} 58. h4 {[%emt 0:00:00]} Ke3 {[%emt 0:00:00]} 59. h5 {[%emt 0:00:00]} Kd3 {[%emt 0:00:00]} 60. Qf3+ {[%emt 0:00:00] Weltszmerc poddaje się (Lag: Av=0.93s, max=1.6s)} 1-0